00306nam a2200121Ia 4500008004100000100003200041245004800073260002100121300000800142650001000150942000700160999001700167190216s9999||||xx |||||||||||||| ||und|| aRajeswar Prasad Chathurvedi 0aHindi- Saflatha Ke Sikkar Par Kaise Pahunje bUpakar Prakashan a104 aHindi cBK c16126d16126